| 000 | nam a22 a 4500 | ||
|---|---|---|---|
| 999 |
_c420435 _d420435 |
||
| 003 | BLK | ||
| 005 | 20220803121753.0 | ||
| 008 | 180412b bul rap|r|||| r0| ||bulo| | ||
| 040 | _aBLK | ||
| 041 |
_aFRE _cFRE |
||
| 080 |
_aАрхитектура _b72 _x=(049.1) _z72=(049.1) |
||
| 080 |
_aСтроителство. Строителни материали. Строително-монтажни работи _b69 _x=(049.1) _z72:69=(049.1) |
||
| 100 |
_aChabat, Pierre _eпърви автор _91299 |
||
| 139 | _aChabat, Pierre | ||
| 245 | 1 | 0 |
_aDictionnaire des termes employеs dans la construction _cPierre Chabat _bGA.-PI. |
| 250 | _a2 изд | ||
| 260 |
_aParis _bVe A. Morel et cie _c1881 _9458232 |
||
| 300 |
_a631 с. _c26 см |
||
| 380 | _a7 | ||
| 490 |
_9435080 _aКолекция Редки и ценни издания |
||
| 650 | 7 |
_aСтроителство _9172631 |
|
| 653 | 0 |
_aречник, терминологичен НЕ ползвай!!! _9458233 |
|
| 852 |
_aРф 881 _bРц |
||
| 856 | 4 |
_qpdf _u |
|
| 856 | 4 |
_qpdf _u |
|
| 942 |
_cKNG _n0 _s1 |
||
| 944 |
_aCR _c2021-06-18 _l2021-06-18 _kК.Д. |
||